000 00695naa a22002537a 4500
001 BR8706832
003 BR-BrBNA
005 20250721154528.0
007 ta
008 250630b bl.|||m| |||| 00| 0 por d
040 _aBR-BrBNA
_bpor
_cBiblioteca Nacional de Agricultura
041 _a(Pt)
072 _aQ02
_b9917
_b9430
090 _aQ02 BR8706832
100 1 _aAnon.
245 1 _aAlo Alo, Amazonia
500 _aProeza Poe a Mesa Rio de Janeiro, RJ (Brasil): 1981. p. 38-39 (BR8706832-AMS)
650 _aCULINARIA
650 _aCUPUACU
650 _aLEITE
490 _aCada Cabeca e um Mundo (Brazil)
_vno. 14
942 _cAMS
_2AGRIS
909 _a202506
_bLúcia
_c55
_dLúcia Elande
999 _c335391
_d335391